Ekonomická situácia a dianie v Taliansku s pohľadom na jej zásah do ekonomiky SR

Posúdenie medzinárodnej pozície Talianska. Opatrenia týkajúce sa dôchodkového systému, zdravotníctva, daní a verejných výdavkov. Diskusie o jadrovej energetike. Vplyv talianskej ekonomickej situácie na ekonomiku Slovenska.

Guardado en:
Detalles Bibliográficos
Autor principal: Abrmanová, Petra
Otros Autores: Boorová, Brigita, 1979-
Formato: Capítulo de libro
Lenguaje:eslovaco
Materias:
Etiquetas: Agregar Etiqueta
Sin Etiquetas, Sea el primero en etiquetar este registro!

MARC

LEADER 00000nla$a2200000$$$4500
001 0142157
005 20240502072540.0
041 0 |a slo 
044 |a SK 
245 1 0 |a Ekonomická situácia a dianie v Taliansku s pohľadom na jej zásah do ekonomiky SR  |c Petra Abrmanová, Brigita Boorová 
520 |a Posúdenie medzinárodnej pozície Talianska. Opatrenia týkajúce sa dôchodkového systému, zdravotníctva, daní a verejných výdavkov. Diskusie o jadrovej energetike. Vplyv talianskej ekonomickej situácie na ekonomiku Slovenska. 
610 2 0 |a situácia hospodárska 
610 2 0 |a reformy 
610 2 0 |a spolupráca medzinárodná 
610 2 0 |a kríza finančná 
610 2 0 |a kríza hospodárska 
610 2 0 |a zadlženosť 
610 2 0 |a energetika 
610 2 0 |a Taliansko 
610 2 0 |a Slovensko 
100 1 |a Abrmanová, Petra 
700 1 |a Boorová, Brigita, 1979-